[Event "Angers op 12th"]
[Site "Angers"]
[Date "2017.05.26"]
[Round "1"]
[White "Sohier, Julien"]
[Black "Hubert, Raphael"]
[Result "1-0"]
[WhiteElo "2280"]
[BlackElo "1984"]
[PlyCount "73"]
[EventDate "2017.05.26"]
[EventType "swiss"]
[EventRounds "6"]
[EventCountry "FRA"]
[SourceTitle "CBM 178 Extra"]
[Source "ChessBase"]
[SourceDate "2017.06.22"]
[SourceVersion "1"]
[SourceVersionDate "2017.06.22"]
[SourceQuality "1"]

1. d4 e6 2. e4 c5 3. Nf3 cxd4 4. Nxd4 Nc6 5. Nc3 Nxd4 6. Qxd4 Ne7 7. Bf4 Nc6 8. Qd2 Bb4 9. a3 Qa5 10. 0-0-0 Bxc3 11. Qxc3 Qxc3 12. bxc3 e5 13. Be3 0-0 14. Bc4 b6 15. f3 Na5 16. Ba2 Kh8 17. g4 Rb8 18. Rd5 Nc6 19. h4 Rb7 20. h5 Rc7 21. h6 g6 22. Rhd1 f6 23. Kb2 Na5 24. g5 fxg5 25. Rxe5 Nc4+ 26. Bxc4 Rxc4 27. Re7 Kg8 28. Rg7+ Kh8 29. Rd4 Rc5 30. Rd5 Rxd5 31. exd5 Rxf3 32. Bd4 Rf4 33. Rxd7+ Kg8 34. Rg7+ Kf8 35. Rxh7 Bf5 36. Rxa7 Rxd4 37. Ra8+ 1-0

[Event "Rennes op 5th"]
[Site "Rennes"]
[Date "2012.07.08"]
[Round "4"]
[White "Hubert, Raphael"]
[Black "Ivanov, Jordan"]
[Result "0-1"]
[WhiteElo "2006"]
[BlackElo "2367"]
[PlyCount "60"]
[EventDate "2012.07.07"]
[EventType "swiss"]
[EventRounds "9"]
[EventCountry "FRA"]
[SourceTitle "CBM 149 Extra"]
[Source "ChessBase"]
[SourceDate "2012.08.24"]
[SourceVersion "1"]
[SourceVersionDate "2012.08.24"]
[SourceQuality "1"]

1. e4 c5 2. Nf3 e6 3. d4 cxd4 4. Nxd4 Nc6 5. Nxc6 bxc6 6. Bd3 Nf6 7. 0-0 d5 8. e5 Nd7 9. f4 Ba6 10. Be3 Bxd3 11. Qxd3 Bc5 12. Bxc5 Nxc5 13. Qg3 Ne4 14. Qxg7 Qb6+ 15. Kh1 Nf2+ 16. Rxf2 Qxf2 17. Nd2 0-0-0 18. Qxf7 Qxd2 19. Qxe6+ Kc7 20. f5 Qxc2 21. f6 Rhg8 22. Rg1 Qc5 23. Qf7+ Kb6 24. Qh5 d4 25. f7 Rgf8 26. a4 d3 27. b4 Qe3 28. a5+ Kb7 29. b5 cxb5 30. a6+ Kb8 0-1

[Event "Rennes op 5th"]
[Site "Rennes"]
[Date "2012.07.07"]
[Round "3"]
[White "Francois, Adrien"]
[Black "Hubert, Raphael"]
[Result "0-1"]
[WhiteElo "1586"]
[BlackElo "2006"]
[PlyCount "72"]
[EventDate "2012.07.07"]
[EventType "swiss"]
[EventRounds "9"]
[EventCountry "FRA"]
[SourceTitle "CBM 149 Extra"]
[Source "ChessBase"]
[SourceDate "2012.08.24"]
[SourceVersion "1"]
[SourceVersionDate "2012.08.24"]
[SourceQuality "1"]

1. e4 e5 2. Nf3 d6 3. d4 exd4 4. Nxd4 Nf6 5. Nc3 Be7 6. Bd3 c5 7. Bb5+ Kf8 8. Nf5 Bxf5 9. exf5 a6 10. Be2 Nc6 11. Bf4 d5 12. Bf3 d4 13. Ne4 Qd7 14. g4 Re8 15. Qd3 Nxe4 16. Bxe4 c4 17. Qf3 Bb4+ 18. Kf1 d3 19. c3 Bc5 20. Rd1 Ne5 21. Qg3 Nxg4 22. Qxg4 Rxe4 23. Bd6+ Bxd6 24. Qxe4 b5 25. Qa8+ Qe8 26. Qd5 Qe2+ 27. Kg2 Qg4+ 28. Kf1 Qxd1+ 29. Kg2 Qg4+ 30. Kf1 Qe2+ 31. Kg2 Ke7 32. Qb7+ Kf6 33. Qc6 Qe5 34. Rd1 Re8 35. f4 Qe4+ 36. Qxe4 Rxe4 0-1

[Event "Rennes op 5th"]
[Site "Rennes"]
[Date "2012.07.07"]
[Round "2"]
[White "Hubert, Raphael"]
[Black "Simonin, Joseph"]
[Result "1-0"]
[WhiteElo "2006"]
[BlackElo "1707"]
[PlyCount "51"]
[EventDate "2012.07.07"]
[EventType "swiss"]
[EventRounds "9"]
[EventCountry "FRA"]
[SourceTitle "CBM 149 Extra"]
[Source "ChessBase"]
[SourceDate "2012.08.24"]
[SourceVersion "1"]
[SourceVersionDate "2012.08.24"]
[SourceQuality "1"]

1. e4 c5 2. Nf3 Nc6 3. Bc4 d6 4. 0-0 g6 5. c3 Bg7 6. d4 cxd4 7. cxd4 Nf6 8. d5 Na5 9. Bd3 b6 10. Nfd2 0-0 11. f4 Qc7 12. h3 Bd7 13. Nc3 Ne8 14. Nf3 Bxc3 15. bxc3 Qxc3 16. Be3 Qc7 17. Rc1 Qb7 18. Qe1 f5 19. Qh4 fxe4 20. Ng5 Nf6 21. Bxe4 Kg7 22. Bd4 Rh8 23. f5 h6 24. Ne6+ Bxe6 25. fxe6 Raf8 26. Qg4 1-0

[Event "FRA-chT1A 1112"]
[Site "France"]
[Date "2011.12.10"]
[Round "4.7"]
[White "Hubert, Raphael"]
[Black "Demarre, Jacques"]
[Result "1/2-1/2"]
[WhiteElo "2049"]
[BlackElo "2204"]
[PlyCount "69"]
[EventDate "2011.10.16"]
[EventType "team-tourn"]
[EventRounds "11"]
[EventCountry "FRA"]
[SourceTitle "EXT 2013"]
[Source "ChessBase"]
[SourceDate "2012.11.22"]
[SourceVersion "1"]
[SourceVersionDate "2012.11.22"]
[SourceQuality "1"]
[WhiteTeam "Tours"]
[BlackTeam "Issy les Moulineaux"]
[WhiteTeamCountry "FRA"]
[BlackTeamCountry "FRA"]

1. e4 e5 2. Nf3 Nc6 3. d4 exd4 4. Bc4 Nf6 5. e5 d5 6. Bb5 Ne4 7. Nxd4 Bc5 8. Be3 Bxd4 9. Bxd4 0-0 10. Bxc6 bxc6 11. 0-0 c5 12. Be3 d4 13. Bf4 f6 14. f3 fxe5 15. Bxe5 Nd6 16. Nd2 Rb8 17. Nb3 Nc4 18. Re1 Nxe5 19. Rxe5 Qd6 20. Re2 Bf5 21. Qd2 Rbd8 22. Na5 Qd5 23. Rae1 d3 24. cxd3 Bxd3 25. Re7 Rd7 26. Rxd7 Qxd7 27. Nc6 c4 28. Ne5 Qd4+ 29. Kh1 h6 30. h3 c5 31. Nc6 Qd6 32. Ne5 Qd4 33. Nc6 Qd6 34. Ne5 Qd4 35. Nc6 1/2-1/2

[Event "FRA-chT2 0910"]
[Site "France"]
[Date "2009.12.12"]
[Round "5.6"]
[White "Blanche, Paul"]
[Black "Hubert, Raphael"]
[Result "1-0"]
[WhiteElo "2105"]
[BlackElo "2015"]
[PlyCount "57"]
[EventDate "2009.09.27"]
[EventType "team-tourn"]
[EventRounds "11"]
[EventCountry "FRA"]
[SourceTitle "EXT 2011"]
[Source "ChessBase"]
[SourceDate "2010.11.26"]
[SourceVersion "1"]
[SourceVersionDate "2010.11.26"]
[SourceQuality "1"]

1. d4 d5 2. c4 c6 3. Nf3 Nf6 4. e3 e6 5. Nc3 Bd6 6. Bd3 Nbd7 7. 0-0 dxc4 8. Bxc4 0-0 9. e4 e5 10. Bg5 b5 11. Bb3 b4 12. Na4 Be7 13. Qc2 exd4 14. e5 Ng4 15. Bf4 Ba6 16. Rfd1 Qc7 17. Rxd4 c5 18. e6 Nde5 19. Nxe5 Nxe5 20. exf7+ Kh8 21. Re1 Qc8 22. Rxe5 cxd4 23. Qxc8 Raxc8 24. Rxe7 Bc4 25. g3 Bxb3 26. axb3 Rc6 27. Re8 Rc8 28. Rxc8 Rxc8 29. Bd6 1-0

[Event "Avoine op 23rd"]
[Site "Avoine"]
[Date "2008.07.22"]
[Round "4"]
[White "Schwarzat, Julian"]
[Black "Hubert, Raphael"]
[Result "1-0"]
[WhiteElo "1963"]
[BlackElo "1835"]
[PlyCount "53"]
[EventDate "2008.07.19"]
[EventType "swiss"]
[EventRounds "9"]
[EventCountry "FRA"]
[SourceTitle "CBM 125 Extra"]
[Source "ChessBase"]
[SourceDate "2008.09.01"]
[SourceVersion "1"]
[SourceVersionDate "2008.09.01"]
[SourceQuality "1"]

1. e4 e5 2. Nf3 Nc6 3. d4 exd4 4. Nxd4 Bc5 5. Be3 Qf6 6. c3 Nge7 7. Bc4 Ne5 8. Be2 c6 9. 0-0 h5 10. f4 N5g6 11. e5 Qh4 12. Rf3 Nd5 13. g3 Qd8 14. b4 Bb6 15. Bc4 Nge7 16. Bxd5 Nxd5 17. c4 Nxe3 18. Rxe3 c5 19. Nb3 cxb4 20. c5 Bc7 21. N1d2 b6 22. Nc4 bxc5 23. Qd5 Ba6 24. Nd6+ Bxd6 25. exd6+ Kf8 26. Re7 Qe8 27. Rae1 1-0

[Event "FRA-ch U18"]
[Site "La Roche sur Yon"]
[Date "2008.04.21"]
[Round "1"]
[White "Hubert, Raphael"]
[Black "Delorme, Axel"]
[Result "0-1"]
[WhiteElo "1835"]
[BlackElo "2377"]
[PlyCount "62"]
[EventDate "2008.04.21"]
[EventType "swiss"]
[EventRounds "9"]
[EventCountry "FRA"]
[SourceTitle "EXT 2010"]
[Source "ChessBase"]
[SourceDate "2010.11.25"]
[SourceVersion "1"]
[SourceVersionDate "2010.11.25"]
[SourceQuality "1"]

1. e4 c5 2. Nf3 d6 3. d4 cxd4 4. Nxd4 Nf6 5. Nc3 a6 6. a4 e5 7. Nf3 Be7 8. Be2 0-0 9. 0-0 h6 10. Re1 Be6 11. h3 Nc6 12. Be3 Qa5 13. Qd2 Rac8 14. Bd3 Nb4 15. Na2 Bxa2 16. Rxa2 d5 17. Nh4 Nxe4 18. Bxe4 Bxh4 19. Bf5 Rc6 20. Ra3 d4 21. Rb3 dxe3 22. Rexe3 Rb6 23. Re4 Be7 24. Rg4 Qd5 25. Bd3 Bg5 26. Rxg5 hxg5 27. Qxg5 g6 28. Qh6 Qd6 29. h4 Nd5 30. h5 Nf4 31. hxg6 fxg6 0-1

[Event "Avoine op 22nd"]
[Site "Avoine"]
[Date "2007.07.28"]
[Round "8"]
[White "Le Borgne, Pierre"]
[Black "Hubert, Raphael"]
[Result "1/2-1/2"]
[WhiteElo "2221"]
[BlackElo "1795"]
[PlyCount "87"]
[EventDate "2007.07.21"]
[EventType "swiss"]
[EventRounds "9"]
[EventCountry "FRA"]
[SourceTitle "EXT 2010"]
[Source "ChessBase"]
[SourceDate "2010.11.25"]
[SourceVersion "1"]
[SourceVersionDate "2010.11.25"]
[SourceQuality "1"]

1. e4 e5 2. Nf3 Nc6 3. Be2 Nf6 4. d3 d5 5. Nbd2 Bc5 6. c3 0-0 7. 0-0 Bb6 8. Qc2 a5 9. h3 h6 10. Re1 Re8 11. Nf1 d4 12. Ng3 Qd6 13. Bf1 a4 14. Qe2 a3 15. c4 axb2 16. Bxb2 Ne7 17. Nh4 c5 18. Qf3 Bd7 19. Re2 Bc7 20. Bc1 Nh7 21. Rb2 Ra7 22. Rab1 b6 23. Qe2 Rea8 24. Nh5 Nf6 25. Ng3 Nh7 26. Nf3 Nc6 27. Ra1 Bd8 28. Bd2 Ne7 29. Nh2 Nf6 30. Nh1 Ng6 31. g3 Bc7 32. Bg2 Ra3 33. f4 Bd8 34. f5 Ne7 35. Nf3 Nc6 36. Nf2 R8a7 37. g4 Nh7 38. h4 Qb8 39. Nh3 Qa8 40. Be1 Nf6 41. Nh2 Nh7 42. Nf3 Nf6 43. Nh2 Nh7 44. Nf3 1/2-1/2

[Event "Avoine op 22nd"]
[Site "Avoine"]
[Date "2007.07.27"]
[Round "7"]
[White "Hubert, Raphael"]
[Black "Lecoq, Julien"]
[Result "1-0"]
[WhiteElo "1795"]
[BlackElo "2106"]
[PlyCount "99"]
[EventDate "2007.07.21"]
[EventType "swiss"]
[EventRounds "9"]
[EventCountry "FRA"]
[SourceTitle "EXT 2010"]
[Source "ChessBase"]
[SourceDate "2010.11.25"]
[SourceVersion "1"]
[SourceVersionDate "2010.11.25"]
[SourceQuality "1"]

1. e4 c5 2. Nf3 Nc6 3. d4 cxd4 4. Nxd4 Nf6 5. Nxc6 bxc6 6. Nc3 e5 7. Bd3 Be7 8. 0-0 0-0 9. Re1 Rb8 10. b3 d6 11. Bb2 Qc7 12. Ne2 Nd7 13. Ng3 Nc5 14. c4 g6 15. Bc2 Ne6 16. Ne2 Bg5 17. Bc1 Bxc1 18. Qxc1 Kg7 19. h4 Qe7 20. h5 Qh4 21. hxg6 hxg6 22. Qe3 Rh8 23. Qh3 Qxh3 24. gxh3 Ng5 25. Kg2 Bxh3+ 26. Kg3 Be6 27. Rh1 f6 28. f4 Nf7 29. f5 Rxh1 30. Rxh1 gxf5 31. exf5 Bd7 32. Nc3 Rh8 33. Rd1 Kf8 34. b4 a6 35. a4 Ke7 36. b5 a5 37. Be4 Ng5 38. Bg2 cxb5 39. cxb5 Bxf5 40. b6 Be6 41. b7 Rb8 42. Nd5+ Bxd5 43. Bxd5 Ne6 44. Rh1 Nc5 45. Rh7+ Kd8 46. Bc6 f5 47. Kf3 e4+ 48. Ke3 Nxb7 49. Bxb7 d5 50. Rg7 1-0

[Event "Avoine op 22nd"]
[Site "Avoine"]
[Date "2007.07.26"]
[Round "6"]
[White "Migot, Tangi"]
[Black "Hubert, Raphael"]
[Result "0-1"]
[WhiteElo "2002"]
[BlackElo "1795"]
[PlyCount "54"]
[EventDate "2007.07.21"]
[EventType "swiss"]
[EventRounds "9"]
[EventCountry "FRA"]
[SourceTitle "EXT 2010"]
[Source "ChessBase"]
[SourceDate "2010.11.25"]
[SourceVersion "1"]
[SourceVersionDate "2010.11.25"]
[SourceQuality "1"]

1. e4 e5 2. Nf3 Nc6 3. Bc4 Bc5 4. c3 Nf6 5. d3 d6 6. Nbd2 0-0 7. Bb3 Be6 8. Bxe6 fxe6 9. Qb3 Qd7 10. Qxb7 d5 11. Qb3 Rab8 12. Qc2 g5 13. Nb3 Rxb3 14. axb3 g4 15. Ng1 dxe4 16. dxe4 Bxf2+ 17. Qxf2 Nxe4 18. Qe2 Nf2 19. Qxf2 Rxf2 20. Kxf2 Qd1 21. Ne2 Qxh1 22. Ra6 Ne7 23. Rxe6 Ng6 24. g3 Qxh2+ 25. Ke3 Qg2 26. b4 Qf3+ 27. Kd2 Qd5+ 0-1

[Event "Avoine op 22nd"]
[Site "Avoine"]
[Date "2007.07.25"]
[Round "5"]
[White "Lukasiewicz, Anna"]
[Black "Hubert, Raphael"]
[Result "1-0"]
[WhiteElo "2122"]
[BlackElo "1795"]
[PlyCount "108"]
[EventDate "2007.07.21"]
[EventType "swiss"]
[EventRounds "9"]
[EventCountry "FRA"]
[SourceTitle "EXT 2010"]
[Source "ChessBase"]
[SourceDate "2010.11.25"]
[SourceVersion "1"]
[SourceVersionDate "2010.11.25"]
[SourceQuality "1"]

1. e4 e5 2. Nf3 Nc6 3. Bb5 a6 4. Ba4 d6 5. 0-0 g6 6. Bxc6+ bxc6 7. d4 Bg7 8. dxe5 dxe5 9. Qe2 Bb7 10. Rd1 Qe7 11. b3 Nf6 12. Ba3 c5 13. Nc3 0-0 14. Qc4 Nd7 15. Na4 Nb6 16. Qxc5 Qxc5 17. Nxc5 Bc6 18. Bb2 Rfe8 19. Re1 Nc8 20. Nd2 Bf8 21. Nd3 f6 22. Nc4 Nd6 23. Nxd6 cxd6 24. Nb4 Bb7 25. Rad1 Rac8 26. c4 a5 27. Nd5 Kf7 28. f3 Be7 29. Nc3 Bc6 30. Re2 a4 31. Ba3 axb3 32. axb3 Rb8 33. b4 Ra8 34. Bb2 Bb7 35. Rc2 Rec8 36. Nb5 Rc6 37. Na3 Rca6 38. Rd3 f5 39. exf5 gxf5 40. b5 Ra4 41. c5 dxc5 42. Rd7 Bc8 43. Rc7 Ke8 44. Nc4 R4a7 45. Rxa7 Rxa7 46. Bxe5 Rb7 47. Rb2 Be6 48. Na5 Rb6 49. Bc7 Bd8 50. Bxb6 Bxb6 51. Nc6 Bc4 52. Kf2 Bd3 53. Ke3 c4+ 54. Kd2 f4 1-0

[Event "Avoine op 22nd"]
[Site "Avoine"]
[Date "2007.07.23"]
[Round "3"]
[White "Hubert, Raphael"]
[Black "Robveille, Laurent"]
[Result "1-0"]
[WhiteElo "1795"]
[BlackElo "1948"]
[PlyCount "87"]
[EventDate "2007.07.21"]
[EventType "swiss"]
[EventRounds "9"]
[EventCountry "FRA"]
[SourceTitle "EXT 2010"]
[Source "ChessBase"]
[SourceDate "2010.11.25"]
[SourceVersion "1"]
[SourceVersionDate "2010.11.25"]
[SourceQuality "1"]

1. e4 d5 2. exd5 Qxd5 3. Nc3 Qa5 4. d4 Nf6 5. Bd2 Bg4 6. Be2 Bxe2 7. Qxe2 c6 8. Nf3 Nbd7 9. Ne5 e6 10. f4 Nxe5 11. fxe5 Nd5 12. Ne4 Qb6 13. Bc3 0-0-0 14. 0-0 Rd7 15. Ng5 c5 16. Rad1 Nxc3 17. bxc3 cxd4 18. Kh1 Bc5 19. cxd4 Ba3 20. Nxf7 Rf8 21. Ng5 Rxf1+ 22. Qxf1 Rxd4 23. Nxh7 Rxd1 24. Qxd1 Qe3 25. Qf1 Bc5 26. Qa1 Bd4 27. Qf1 Qxe5 28. Nf8 Bc5 29. Ng6 Qf6 30. Qxf6 gxf6 31. g4 Kd7 32. h4 Be3 33. Kg2 e5 34. Kf3 Bh6 35. Ke4 Ke6 36. h5 b6 37. Nh4 Bc1 38. Nf5 Kf7 39. Nd6+ Kg7 40. Kf5 Bf4 41. Ne4 Bh2 42. Nxf6 a5 43. Nd7 Kh6 44. Nxe5 1-0

[Event "Chateauroux op"]
[Site "Chateauroux"]
[Date "2005.11.01"]
[Round "5"]
[White "Hubert, Raphael"]
[Black "Devallee, Jeremie"]
[Result "1-0"]
[WhiteElo "1803"]
[BlackElo "1930"]
[PlyCount "57"]
[EventDate "2005.10.30"]
[EventType "swiss"]
[EventRounds "7"]
[EventCountry "FRA"]
[SourceTitle "EXT 2007"]
[Source "ChessBase"]
[SourceDate "2006.11.23"]
[SourceVersion "1"]
[SourceVersionDate "2006.11.23"]
[SourceQuality "1"]

1. e4 d5 2. exd5 Qxd5 3. Nc3 Qa5 4. Bc4 Nf6 5. d4 Bg4 6. Nge2 e6 7. 0-0 Bd6 8. Nb5 Be7 9. f3 Bf5 10. Ng3 Bg6 11. f4 c6 12. Nc3 h5 13. Bd2 Qd8 14. Nce2 h4 15. f5 Bh7 16. fxe6 hxg3 17. exf7+ Kf8 18. Bf4 gxh2+ 19. Bxh2 Be4 20. Nf4 Bf5 21. g4 Nxg4 22. Qxg4 Qxd4+ 23. Rf2 Bc5 24. Ng6+ Bxg6 25. Qc8+ Ke7 26. Re1+ Be4 27. f8Q+ Rxf8 28. Qxf8+ Kd7 29. Be6+ 1-0

[Event "Checy op 1st"]
[Site "Checy"]
[Date "2002.05.18"]
[Round "2"]
[White "Hubert, Raphael"]
[Black "Vu, Minh Duc2222"]
[Result "1-0"]
[WhiteElo "1350"]
[BlackElo "1499"]
[PlyCount "37"]
[EventDate "2002.05.18"]
[EventType "swiss"]
[EventRounds "6"]
[EventCountry "FRA"]
[SourceTitle "CBM 088 Extra"]
[Source "ChessBase"]
[SourceDate "2002.07.01"]
[SourceVersion "2"]
[SourceVersionDate "2002.07.01"]
[SourceQuality "1"]

1. e4 e6 2. d4 d5 3. exd5 exd5 4. Bf4 Be6 5. Bd3 c5 6. c3 Nc6 7. Nf3 Qb6 8. Qa4 c4 9. Bc2 Nf6 10. b3 Bd7 11. 0-0 Nxd4 12. Re1+ Kd8 13. Ne5 Bxa4 14. Nxf7+ Kd7 15. Ne5+ Kc8 16. cxd4 Qxd4 17. Bf5+ Bd7 18. Nxd7 Nxd7 19. Re8# 1-0